书目信息 |
| 题名: |
书法论集
|
|
| 作者: | 侯镜昶 著 | |
| 分册: | ||
| 出版信息: | 上海 华东师范大学出版社 1982 |
|
| 页数: | 136页 | |
| 开本: | 19cm | |
| 丛书名: | ||
| 单 册: | ||
| 中图分类: | J292.1-53 | |
| 科图分类: | ||
| 主题词: | 书法--中国 , 篆刻--中国 | |
| 电子资源: | ||
| ISBN: | ||
| 000 | 00546nam0 2200205 450 | |
| 001 | 0637568013 | |
| 005 | 20060808102838.46 | |
| 010 | @dCNY0.45 | |
| 100 | @a20060808d1982 km y0chiy0120 ea | |
| 101 | 0 | @achi |
| 102 | @aCN@b310000 | |
| 200 | 1 | @a书法论集@Ashu fa lun ji@f侯镜昶著@Fhou jing chang zhu |
| 210 | @a上海@c华东师范大学出版社@d1982 | |
| 215 | @a136页@d19cm | |
| 606 | 0 | @a书法@x中国 |
| 606 | 0 | @a篆刻@x中国 |
| 690 | @aJ292.1-53@v3 | |
| 701 | 0 | @a侯镜昶@Ahou jing chang@4著 |
| 801 | 0 | @aCN@bPFT@c20060808 |
| 905 | @a10447@dJ292.1-53@e363 | |
| 书法论集/侯镜昶著.-上海:华东师范大学出版社,1982 |
| 136页;19cm |
| ISBN :CNY0.45 |
| ● |
| 相关链接 |
|
|
|
|
正题名:书法论集
索取号:J292.1-53/363
 
预约/预借
| 序号 | 登录号 | 条形码 | 馆藏地/架位号 | 状态 | 备注 |
| 1 | 0452709 | 204527093 | 密集书库/ [索取号:J292.1-53/363] | 在馆 |